000 00409nam a2200169Ia 4500
001 3176
003 IN-NITTTR
005 20251114232944.0
008 251113s9999||||xx |||||||||||||| ||eng||
040 _beng
040 _cIN-NITTTR
041 _aeng
082 _a621.381 L547D
100 _aLenk, John D.
245 0 _aData book for electronic technicians and engineers /
_cLenk, John D.
942 _2ddc
_cBK
999 _c5332
_d5332